000 00941nam a22002297a 4500
999 _c13494
_d13494
003 AR-CdUCM
008 190415b ||||| |||| 00| 0 spa d
040 _aMUNICIPALIDAD PROVINCIAL DEL CUSCO
_cBIBLIOTECA MUNICIPAL DEL CUSCO
082 _a869.56 /
_bI23
100 _aIbáñez Rosazza, Manuel
_925416
245 _aRostros de Eucaliptos Descubiertos por la Luna :
_bAntología de la Poesía Jeven en la Universidad Nacional de Cajamarca /
260 _aCajamarca-Perú :
_bTaller Mimeográfico del D.A.I.L.U.C
_c1981.
300 _a49 páginas ;
_c16cm
505 _aContenido: Poesía
650 _aLiteratura peruana
_97175
650 _aPoesía
_9139
710 _aDepartamento Académico de Idiomas y Literatura de la Universidad Nacional de Cajamarca.
_931933
710 _aFederación Universitaria de Cajamarca.
_931934
710 _aConcejo Provincial de Cajamarca.
_931935
942 _2ddc
_cLIBROS
945 _anom
_d2019-04-15